Stany USA lub państwa Europy według powierzchni - Statystyki

Ogólne statystyki
  • Ten quiz został rozwiązany 3 997 razy
  • Średni wynik to 16 z 21
Statystyki odpowiedzi
km2 Państwo bądź stan % Poprawnych
3 790 000 Rosja
95%
311 888 Polska
94%
551 695 Francja
93%
498 980 Hiszpania
91%
348 672 Niemcy
91%
676 587 Teksas
91%
403 466 Kalifornia
87%
553 544 Ukraina
87%
294 140 Włochy
86%
410 335 Szwecja
84%
1 477 953 Alaska
82%
304 282 Norwegia
81%
303 815 Finlandia
80%
241 930 Wielka Brytania
80%
314 161 Nowy Meksyk
61%
294 207 Arizona
57%
284 332 Nevada
57%
268 431 Kolorado
48%
376 962 Montana
48%
248 608 Oregon
45%
251 470 Wyoming
36%
Nie znaleziono quizów pasujących do podanych kryteriów
Rozkład punktacji
Procent ludzi z każdym wynikiem
Percentyl według liczby udzielonych odpowiedzi
Twoja historia wyników
Nie rozwiązałeś tego quizu